| 000 | 01946cam a22005294i 4500 | ||
|---|---|---|---|
| 003 | PE-LiUPU | ||
| 005 | 20250731180145.0 | ||
| 008 | 150706s r 000 0 d | ||
| 020 | _a9788429151770 | ||
| 035 | _a(Sirsi) i9788429151770 | ||
| 040 |
_aPE-LiUPU _bspa _cPE-LiUPU _erda |
||
| 049 | _aPRUA | ||
| 082 | 0 | 4 |
_a512.72 _bE86 _221 |
| 245 | 0 | 1 |
_aEcuaciones diferenciales ordinarias / _cErnesto Javier Espinoza Herrera [et al]. |
| 264 | 1 |
_aBarcelona : _bReverté, _c2010. |
|
| 300 |
_a478 páginas : _bilustraciones, ; _c27 cm. |
||
| 336 |
_atext _2rdacontent |
||
| 337 |
_aunmediated _2rdamedia |
||
| 338 |
_avolume _2rdacarrier |
||
| 505 | 0 | _aIntroducción. Conceptos básicos. Ecuaciones diferenciales de primer orden. Aplicaciones de Ecuaciones Diferenciales de primer orden. Ecuaciones Diferenciales de orden superior. Aplicaciones de Ecuaciones Diferenciales de orden superior. Transformada de La place. Métodos numéricos. Anexo. | |
| 526 | _aSEG44 | ||
| 526 | _aSEG26 | ||
| 526 | _aP159 | ||
| 526 | _aP155 | ||
| 526 | _aP154 | ||
| 526 | _aP153 | ||
| 526 | _aP150 | ||
| 526 | _aP100 | ||
| 526 | _aP31 | ||
| 526 | _aP30 | ||
| 526 | _aP26 | ||
| 526 | _aP25 | ||
| 526 | _aP24 | ||
| 526 | _aP22 | ||
| 526 | _aP15 | ||
| 526 | _aP10 | ||
| 541 | _g015-0012821; | ||
| 650 | 0 | 4 |
_aEcuaciones diferenciales . _9176 |
| 650 | 0 | 4 |
_aMatemáticas. _9187 |
| 700 | 1 |
_aEspinoza Herrera, Erenesto Javier, _ecoord. |
|
| 910 | _a | ||
| 942 |
_2ddc _cBOOK |
||
| 949 |
_a512.72 E86 _wDEWEY _c1 _i63067 _lCCODEBUL1 _mBUL _p48.00 _r0 _sY _tBOOK _u2015-7-6 _xINGENIERIA _zUNKNOWN _o.STAFF. Colección General |
||
| 994 |
_aC0 _bPEPRU |
||
| 596 | _a1 | ||
| 999 |
_a512.72 E86 _wDEWEY _c52082 _i63067 _d52082 _e2018-5-25 _f2021-11-9 _g7 _lCCODEBUL1 _mBUL _n3 _p48.00 _r0 _sY _tBOOK _u2015-7-6 _xINGENIERIA _zUNKNOWN _0COMPRA _o.STAFF. Colección General |
||
| 980 |
_81 _gALBERTO SANCHEZ Responsable de Automatización |
||